Statistics for NCAA FCS Football Teams

Click here to take the quiz!

General Stats

  • This quiz has been taken 5,989 times
    (803 since last reset)
  • The average score is 65 of 125

Answer Stats

Big Sky% Correct
Harvard
85%
Montana
84%
North Dakota St
83%
North Dakota
82%
South Dakota
82%
South Dakota St
82%
Yale
82%
Montana St
81%
Idaho
79%
Princeton
79%
Brown
76%
Idaho St
75%
Columbia
74%
Cornell
74%
Dartmouth
72%
Penn
71%
Southern
70%
Jackson St
67%
Eastern Washington
66%
Delaware
64%
Maine
64%
Portland St
64%
Utah Tech
61%
New Hampshire
60%
Florida A&M
59%
Villanova
59%
Missouri St
58%
Sacramento St
58%
Alabama St
57%
Indiana St
57%
Northern Arizona
57%
Northern Colorado
57%
Southern Illinois
57%
Grambling St
56%
Delaware St
55%
Alabama A&M
54%
Howard
54%
Illinois St
54%
Northern Iowa
54%
Rhode Island
54%
Albany
53%
San Diego
53%
Youngstown St
53%
Drake
52%
Eastern Illinois
52%
Holy Cross
52%
South Carolina St
52%
Western Illinois
52%
Tennessee St
51%
The Citadel
51%
Weber St
51%
Cal Poly
50%
Colgate
50%
Furman
50%
Georgetown
50%
Stephen F Austin
50%
Alcorn St
49%
VMI
49%
Bucknell
48%
Chattanooga
48%
Kennesaw St
48%
Lehigh
48%
North Carolina A&T
48%
Richmond
48%
Texas Southern
48%
UC Davis
48%
Bethune-Cookman
47%
Butler
47%
Eastern Kentucky
47%
Tennessee Tech
47%
Dayton
46%
Lafayette
46%
McNeese St
46%
Mercer
46%
William & Mary
46%
Arkansas-Pine Bluff
45%
Austin Peay
45%
Elon
45%
Lamar
45%
Mississippi Valley St
45%
SE Missouri St
45%
Southern Utah
45%
Campbell
44%
Central Arkansas
44%
Central Connecticut
44%
Davidson
44%
E Tennessee St
44%
Incarnate Word
44%
Murray St
44%
Norfolk St
44%
UT Martin
44%
Western Carolina
44%
Fordham
43%
North Alabama
43%
SE Louisiana
43%
Wofford
43%
Hampton
42%
Long Island
42%
Monmouth
42%
North Carolina Central
42%
Samford
42%
Abilene Christian
41%
Nicholls St
41%
Northwestern St
41%
Prairie View A&M
41%
Charleston Southern
40%
Houston Christian
40%
Marist
40%
Morgan St
40%
Sacred Heart
40%
St. Thomas
40%
Bryant
39%
Morehead St
39%
Stony Brook
39%
Valparaiso
39%
Wagner
39%
Duquesne
38%
Merrimack
37%
Robert Morris
37%
Saint Francis
37%
Stetson
37%
Tarleton St
37%
Towson
37%
Gardner-Webb
34%
Presbyterian
34%

Score Distribution

Percentile by Number Answered

Percent of People with Each Score

Your Score History

You have not taken this quiz since the last reset